000 00307nam a22001337a 4500
003 SGT
020 _a978-93-84765-08-8
082 _a614.7
_bE17K
100 _aKAUR, SIMRAT
245 _aENVIRONMENTAL HYGIENE AND COMMUNICATION SKILLS
260 _aINDIA
_bLOTUS
_c2017
300 _a180
942 _2ddc
_cBK
999 _c16517
_d16517